Statistics for US States with the Largest Economies

Click here to take the quiz!

General Stats

  • This quiz has been taken 75 times
  • The average score is 9 of 10

Answer Stats

GSP State % Correct
2,622 bilCalifornia
100%
1,599 bilTexas
100%
1,500 bilNew York
100%
926 bilFlorida
98%
796 bilIllinois
95%
531 bilGeorgia
95%
626 bilOhio
89%
719 bilPennsylvania
85%
575 bilNew Jersey
81%
521 bilNorth Carolina
81%

Score Distribution

Percentile by Number Answered

Percent of People with Each Score

Your Score History

You have not taken this quiz